Legalita a legitimita použitia jadrových zbraní v medzinárodnom práve diplomová práca

Na minha lista:
Detalhes bibliográficos
Autor principal: Jablonská, Kristína
Autor Corporativo: Fakulta medzinárodných vzťahov EU. Katedra medzinárodného práva
Outros Autores: Harakaľová, Dorota, 1989-
Formato: Livro
Idioma:eslovaco
Publicado em: Bratislava 2018
Tags: Adicionar Tag
Sem tags, seja o primeiro a adicionar uma tag!

MARC

LEADER 00000nbm a2200000 4500
001 0244457
005 20180802101740.5
041 0 |a slo 
044 |a SK 
245 1 0 |a Legalita a legitimita použitia jadrových zbraní v medzinárodnom práve  |b diplomová práca  |c Kristína Jablonská ; školiteľ: Dorota Harakaľová 
264 1 |a Bratislava  |c 2018 
300 |a 91 s. 
100 1 |a Jablonská, Kristína 
700 1 |a Harakaľová, Dorota, 1989- 
710 2 |a Fakulta medzinárodných vzťahov EU. Katedra medzinárodného práva